Mecanique

Αποθηκεύτηκε σε:
Λεπτομέρειες βιβλιογραφικής εγγραφής
Κύριος συγγραφέας: Strelkov, S. P.
Μορφή: Βιβλίο
Γλώσσα:French
Δημοσίευση: Moscou : Mir, c1978
Έκδοση:2nd ed.
Θέματα:
Ετικέτες: Προσθήκη ετικέτας
Δεν υπάρχουν, Καταχωρήστε ετικέτα πρώτοι!

MARC

LEADER 00000nam a2200000 i 4500
001 1/48067
008 941103s1978 fre d
035 |a 1991  |c ΠΝΕΥΜΑΤΙΚΟΣ  |l 10043238 
040 |a GR-MY-UA  |b gre  |e aacr 
041 0 |a fre 
082 0 |a 531 
100 1 |a Strelkov, S. P. 
245 1 0 |a Mecanique /  |c S. Strelkov 
250 |a 2nd ed. 
260 |a Moscou :   |b Mir,   |c c1978 
300 |a 594 p.;  |c 22 cm. 
650 0 0 |a Mechanics. 
852 |a INST  |b SAMOS  |e 19941103  |h 531 STR  |p 005300011055  |q 005300011055  |t BK  |y 0 
909 |a Σ  |b 020008